000 00698nam a2200265 a 4500
001 000115656
003 CHAP
005 20220329144543.0
008 190619s2008 sp a |r| ||||||spa d
010 _a112117
011 _a113089
020 _a9788480768108
040 _cCHAP
082 0 4 _a553.7022
_bN67
100 1 _aNiemeyer, Mark.
_9136157
245 1 0 _aAgua :
_bla esencia de la vida /
_cpor Mark Niemeyer.
260 _aBarcelona :
_bBlume,
_c2008.
300 _a191 p. :
_bil.
590 _aBATCH-UPD
_b05
_c20190619
_lUCH01
_h1014
590 _aE5765TAJ
_b05
_c20190619
_lUCH01
_h1013
650 1 4 _aAgua
_vObras ilustradas.
_9136158
901 _aBK
942 _cLIBRO
942 _n0
999 _c112117
_d112117